00751nam a2200205Ia 4500003000900000008004100009040001600050080001200066100003200078245016300110260003400273300001900307650002200326650002800348700003100376700003100407942000700438999001300445952008700458IN-BaIIA211028s9999 xx 000 0 eng d cIIA Library a52bRUS aRussell, Henry Norris91276 0aAstronomyba revision of Young's manual of astronomy II, astrophysics and stellar astronomycHenry Norris Russell, Raymond Smith Dugan and John Quincy Stewart aBostonbGinn Publishersc1927 axii, 471-932p. aAstrophysics9794 aStellar Astronomy91277 aDugan, Raymond Smith91278 aStewart, John Quincy91279 cBK c570d570 00104070aBANbKODcGENd0000-00-00l0o52/ RUSp590r2021-11-05w0000-00-00yBK